| 000 | 00798nam a2200205 4500 | ||
|---|---|---|---|
| 008 | 171205b xxu||||| |||| 00| 0 eng d | ||
| 020 | _a013433731 | ||
| 082 |
_21995 _aDC 541.3 _bT49 |
||
| 100 |
_924243 _aTinoco, Ignacio, author. |
||
| 245 |
_aPhysical chemistry : _bprinciples and applications in biological sciences / _cIgnacio Tinoco, Jr., Kenneth Sauer, James C. Wang. |
||
| 250 | _aThird edition. | ||
| 260 |
_aEnglewood Cliffs, N.J. : _bPrentice Hall, _c©1995. |
||
| 300 |
_a xiv, 761 pages : _b illustration ; _c25 cm. |
||
| 500 | _aIncludes bibliographical references and index. | ||
| 650 | 0 |
_924245 _aBiochemistry |
|
| 650 | 0 |
_924246 _aChemistry, Physical and theoretical |
|
| 700 |
_924247 _aSauer, Kenneth, author. |
||
| 700 |
_924248 _a Wang, James C., author. |
||
| 942 |
_2ddc _cDC |
||
| 999 |
_c7909 _d7909 |
||